Tratamiento de las dificultades educativas: estudio de casos
Salvato in:
| Autori principali: | , |
|---|---|
| Natura: | Libro |
| Lingua: | spagnolo |
| Pubblicazione: |
Madrid
Anaya
1982
|
| Serie: | Ciencias de la educación
|
| Soggetti: | |
| Tags: |
Aggiungi Tag
Nessun Tag, puoi essere il primo ad aggiungerne!!
|
MARC
| LEADER | 00000nam a2200000 a 4500 | ||
|---|---|---|---|
| 001 | UCY8423 | ||
| 003 | CL-VaPUC | ||
| 008 | 950703e19820000SP |||||||||||||||||spa|d | ||
| 082 | 0 | 4 | |a 370.153 |b WOR |2 21 |
| 100 | 0 | |a Worell, Judith |e author |9 339755 | |
| 700 | 0 | |a Nelson, C. Michael |e author |9 339756 | |
| 245 | 1 | 0 | |a Tratamiento de las dificultades educativas: estudio de casos |
| 300 | |a 349 p | ||
| 942 | |c BK | ||
| 945 | |d 19950703 00:00:00 |a mfernand | ||
| 260 | |a Madrid |b Anaya |c 1982 | ||
| 650 | 7 | |a CAMBIO DE ACTITUD |2 CL-VaPUC |9 335665 | |
| 650 | 0 | |a Adaptación escolar |9 308713 | |
| 650 | 0 | |a Métodos de enseñanza |9 270413 | |
| 650 | 7 | |a CASTIGOS ESCOLARES |2 CL-VaPUC |9 339741 | |
| 650 | 7 | |a RENDIMIENTO |2 CL-VaPUC |9 260872 | |
| 650 | 0 | |a Socialización |9 309940 | |
| 583 | |a last modification |c 20170926 09:28:15 |k Rodrigo Vera | ||
| 490 | 0 | |a Ciencias de la educación | |
| 999 | |c 235664 |d 235662 | ||
| 952 | |0 0 |1 0 |4 0 |6 370_153000000000000_WOR_1982 |7 0 |8 A |9 243229 |a BIBEDU |b BIBEDU |d 2019-11-18 |i 1525700 |o 370.153 WOR 1982 |p 1525700 |r 2019-11-18 |w 2019-11-18 |y BK |k EDU | ||